000 00605cam a2200241 4500
001 J250
008 090401t1991 xxu||||| |||| 00| 0 eng d
035 _a(Sirsi) u74067
041 _aeng
050 _a306.109421
110 _aLondon Research Centre
_93277
245 _aHousing briefing: key housing facts for London. - June 1991.
260 _aLondon
_bLondon Research Centre
_c1991
300 _a12p. ; 30cm.
350 _a0
650 _aCOUNCIL HOUSING
650 _aHOMELESSNESS
650 _aHOUSE PRICES
650 _aRENT
690 _aHOUSING
942 _n0
948 _c04/03/1997
999 _c95763
_d95763